Famous Eagle Scouts- Sudden Death - Statistics

General Stats
  • This quiz has been taken 15 times
  • The average score is 3 of 7
Answers on the Grid
Answers color-coded by a green-red scale on the quiz's grid according to % correct below.
Neil Armstrong
Gerald Ford
Jim Lovell
Steven Spielberg
Sam Walton
Ryan Reynolds
Mike Rowe
Chris Hemsworth
Keannu Reeves
Chris Pratt
Chris Evans
Ian McKellan
Jeff Bezos
Jeff Goldblum
Shia Lebeouf
Sylvester Stallone
 
Answer Stats
Answer % Correct
Gerald Ford
83%
Neil Armstrong
67%
Jim Lovell
33%
Mike Rowe
33%
Ryan Reynolds
33%
Sam Walton
33%
Steven Spielberg
33%
No matching quizzes found
Score Distribution
Percent of People with Each Score
Percentile by Number Answered
Your Score History
You have not taken this quiz